000 01048nam a2200217Ia 4500
999 _c8597
_d8597
005 20230719094422.0
008 230712s9999 xx 000 0 und d
020 _a958-35-0445-9
040 _aUPAN
_cBiblioteca San Vicente
_eRCAA2
041 _aspa
082 _a364
_bL674i
_c2003
100 _aLópez Calvo, Pedro
_4aut.
245 0 _aInvestigación Criminal y Criminalística/
_cPedro López Calvo
250 _a2° ed.
260 _aColombia:
_bTemis,
_c2003
300 _a408 p.;
_bfot,col.,
_c24 cm.
505 _aÍndice General. Capítulo I. Conceptualización Básica del Delito. Capitulo II. El lugar de los Hechos. Capítulo III. La Investigación Criminal. Capítulo IV. Cadena de Custodia. Capítulo V. La Ciencia de la Criminalística. Sección I.-Identificación de personas. Sección II. Balística. Sección III.-Documentología Sección IV.-Drogas. Capítulo VI. La Medicina Legal en la Investigación Criminal.
650 _2LEMB
_vInvestigación
_xTecnología
_zColombia
_93
700 _aGòmez Silva Pedro
942 _cBK
_2ddc